| 000 | 00522nam a2200217Ia 4500 | ||
|---|---|---|---|
| 005 | 20250425162017.0 | ||
| 008 | 250425s9999 xx 000 0 und d | ||
| 020 | _a0582226961 | ||
| 041 | _aeng | ||
| 082 | _a621.3 | ||
| 100 | _aHUGHES, EDWARD | ||
| 245 | 0 | _aHUGHES ELECTRICAL TECHNOLGY | |
| 250 | _a7TH ED. | ||
| 260 | _aHARLOW | ||
| 260 |
_aReino Unido _bLONGMAN SCIENTIFIC & TECHNICAL _c1995 |
||
| 300 | _a803 | ||
| 650 | _aELECTRONICA | ||
| 650 | _aINGENIERIA ELECTRICA | ||
| 942 | _c01 | ||
| 010 | _a40366 | ||
| 999 |
_c220572 _d220572 |
||